Language to Family - Sudden Death - Statistics

General Stats
  • This quiz has been taken 76 times
  • The average score is 6 of 15
Answers on the Grid
Answers color-coded by a green-red scale on the quiz's grid according to % correct below.
Romanian - Romance
Malayalam - Austronesian
Malay - Dravidian
Tamil - Dravidian
Afrikaans - Germanic
Burmese - Sino-Tibetan
Uyghur - Sino-Tibetan
Mongolian - Slavic
Malagasy - Bantu
Kazakh - Turkic
Kannada - Indo-Aryan
German - Germanic
Swahili - Bantu
Chechen - Uralic
Hungarian - Uralic
Azerbaijani - Turkic
Punjabi - Turkic
Japanese - Austronesian
Javanese - Austronesian
Irish - Celtic
Welsh - Celtic
Scottish Gaelic - Germanic
Polish - Slavic
Basque - Romance
Catalan - Romance
Gagauz - Slavic
Lithuanian - Baltic
Estonian - Baltic
Arabic - Indo-Aryan
Hausa - Bantu
 
Answer Stats
Answer % Correct
Afrikaans - Germanic
63%
German - Germanic
63%
Irish - Celtic
54%
Polish - Slavic
54%
Welsh - Celtic
49%
Azerbaijani - Turkic
43%
Catalan - Romance
43%
Kazakh - Turkic
40%
Lithuanian - Baltic
40%
Romanian - Romance
40%
Tamil - Dravidian
40%
Hungarian - Uralic
37%
Burmese - Sino-Tibetan
29%
Javanese - Austronesian
20%
Swahili - Bantu
17%
No matching quizzes found
Score Distribution
Percent of People with Each Score
Percentile by Number Answered
Your Score History
You have not taken this quiz